Open Data Biblioteca Nacional de Portugal


República Portuguesa: Ministério da Cultura
Biblioteca Nacional de Portugal

Catálogo da BNP: acesso por Identificadores Unívocos
Registos Bibliográficos associados ao registo de autoridade

Etiqueta de registo: 00254nam 2200025 450
001 2190741
003 http://id.bnportugal.gov.pt/bib/catbnp/2190741
010 ## $a978-972-8864-25-5
021 ## $aPT$b518833/23
100 ## $a20241014d2023 m y0pory01030103ba
101 0# $apor$aeng
102 ## $aPT
105 ## $aa z 000yy
106 ## $ar
200 1# $aTerceira, a ilha dos Impérios$dTerceira Imperios island$ffot. Mário Duarte$gtexto Álamo Oliveira, Mário Duarte$gtrad. Susana Soares$zeng
205 ## $a2ª ed. renovada
210 #9 $a[S.l.]$cBlu,$d2023
215 ## $a93, [1] p.$cil.$d24 cm
305 ## $aEd. bilingue em português e inglês
510 1# $aTerceira Imperios island$zeng
675 ## $a908(469.9)$vBN$zpor$3290973
675 ## $a77.03$vBN$zpor$3290160
700 #1 $aDuarte,$bMário,$f1950-$3869085
702 #1 $aOliveira,$bÁlamo,$f1945-2025$4070$343348
702 #1 $93$aSoares,$bSusana$4730$31936870
801 #0 $aPT$bBN$gRPC
856 41 $uhttp://rnod.bnportugal.gov.pt/ImagesBN/winlibimg.aspx?skey=&doc=2190741&img=200933&save=true
900 ## $aBIBNAC$d20241127
966 ## $lBN$mFGMON$sH.G. 87449 V.$x1
966 ## $lBN$mFGMON$sH.G. 87449 V.-D$x1
971 ## $cabrito$d20241014
972 ## $e2$z0$d20241127$viquintas
973 ## $cigoulao$d20241115
975 ## $e0$d20241128$viraminhos

Etiqueta de registo: 00254nam 2200025 450
001 2283567
003 http://id.bnportugal.gov.pt/bib/catbnp/2283567
010 ## $a978-972-647-438-8
021 ## $aPT$b543083/25
100 ## $a20260402d2025 m y0pory01030103ba
101 0# $apor
102 ## $aPT
105 ## $aa b 000yy
106 ## $ar
200 1# $aEspaço ocupado$eescultura contemporânea, coleção do Museu de Angra do Heroísmo$fcoord. Jorge A Paulus Bruno$grealização de textos Assunção Melo, Francisco Pedroso Lima$gfot. Susana Soares$gtrad. Catarina Valadão
210 #9 $aAngra do Heroísmo$cMuseu de Angra do Heroísmo,$d2025
215 ## $a23 p.$cil.$d22 cm
702 #1 $aBruno,$bJorge A. Paulus$4340$386162
702 #1 $aMelo,$bAssunção,$f1974-$4070$31648854
702 #1 $aLima,$bFrancisco João dos Reis Pedroso de$4070$3191024
702 #1 $93$aSoares,$bSusana$4600$31936870
702 #1 $aValadão,$bCatarina,$f1986-$4730$31528017
801 #0 $aPT$bBN$gRPC
966 ## $lBN$mFGMON$x1
966 ## $lBN$mFGMON$x1
971 ## $cabrito$d20260402

OpendataBNP@bnportugal.pt | Mais informação sobre acesso aos dados BNP